000 00704nam a2200265Ia 4500
003 OSt
005 20220924120123.0
006 a|||||r|||| 00| 0
007 ta
008 220923b |||||||| |||| 00| 0 urd d
020 _c6
024 _a261428
037 _cTextual
040 _aARTS
_cARTS
_burd
041 _2urd
_aurd
082 _aY73(Q7):1.M, 168H1
100 _aTaban Zafar Au.
_9180857
245 0 _aIslam-o-Europe
260 _aDelhi
_bKutub khana anjuman taraqqi Urdu India
_c1941
300 _a104p.
_ccm.
650 _a SOCIOLOGY
650 _aMUSLIMS
_926356
942 _hY73(Q7):1.M, 168H1
_cTEXL
_2CC
999 _c401333
_d401333